| 000 | 01802nas1a22002891i 4500 | ||
|---|---|---|---|
| 001 | RU\NLR\INFOCOMM31\1000105848 | ||
| 005 | 20240726074225.0 | ||
| 035 | _a(NLR Aleph) 002627197 | ||
| 090 |
_a3667649 _c3667649 |
||
| 100 | _a20040901c1974 |||y0rusy50 ca | ||
| 101 | 0 | _arus | |
| 102 | _aRU | ||
| 110 | _azyu||||0|y0 | ||
| 200 | 1 |
_aПроблемы современного зарубежного искусства _eРеф. сборник _fМ-во культуры СССР. Гос. б-ка СССР им. В.И. Ленина. Информ. центр по проблемам культуры и искусства |
|
| 210 |
_aМ. _d1974- |
||
| 309 | _aОтпеч. множит. аппаратом | ||
| 712 | 0 | 2 |
_aИнформационный центр по проблемам культуры и искусства _cМосква _4570 |
| 801 | 1 |
_aRU _bInfoComm _c20040901 |
|
| 801 | 0 |
_aRU _bNLR _gPSBO |
|
| 852 |
_aNLR _jС889-410/П78 |
||
| 942 | _cCOLLECTION | ||
| 980 | _aRUSPER | ||